| 000 | 00908nam a2200205 i 4500 | ||
|---|---|---|---|
| 001 | 126154 | ||
| 003 | ES-MaACL | ||
| 005 | 20251009181746.0 | ||
| 007 | t| | ||
| 008 | 070214s1958 sp |||| | spa d | ||
| 245 | 0 | 0 | _aRelación de las honrras [sic] que su Magestad [sic] mandó harer [sic] en la villa de Brusellas [sic], en la yglesia [sic] de santa Gudula, por el Emperador nuestro señor, las quales hizieron el jueues [sic] a bisperas [sic], y viernes siguiente aa missa [sic] que fue XXIX de Deziembre [sic] de MDLIII. |
| 250 |
_a[Ed. facs.] _bbajo la dirección de Antonio Pérez y Gómez. |
||
| 260 |
_a[S. l.] : _bLa fonte que mana y corre, _c1958 ( _eMadrid : _fImp. Góngora) |
||
| 300 |
_a8 h. ; _c25 cm. |
||
| 655 | 7 |
_2tgfbne _9226495 _aFacsímiles |
|
| 700 | 0 |
_aPérez y Gómez, Antonio, _d1902-1976 _991216 |
|
| 852 |
_aES-MaACL _j2018-F-24 |
||
| 942 | _2udc | ||
| 999 |
_c126154 _d126154 |
||